ბათუმის შოთა რუსთაველის სახელმწიფო უნივერსიტეტის ბიბლიოთეკა

ხევისბერი გოჩა (ბიბ.ჩანაწერი № 48450)

000 -LEADER
fixed length control field 00748nam a2200217Ia 4500
001 - CONTROL NUMBER
control field 15342
003 - CONTROL NUMBER IDENTIFIER
control field GE_BSU
008 - FIXED-LENGTH DATA ELEMENTS--GENERAL INFORMATION
fixed length control field 181216s||||||||xx |||||||||||||| ||und||
040 ## - CATALOGING SOURCE
Transcribing agency GE_BSU
100 ## - MAIN ENTRY--PERSONAL NAME
Personal name ყაზბეგი, ალექსანდრე
245 ## - TITLE STATEMENT
Title ხევისბერი გოჩა
245 ## - TITLE STATEMENT
Remainder of title მოთხრობა
245 ## - TITLE STATEMENT
Statement of responsibility, etc. რედ.ე.გოგოლაშვილი. მხატვ.ვ.ტოროტაძე და გ. გულისაშვილი
260 ## - PUBLICATION, DISTRIBUTION, ETC.
Place of publication, distribution, etc. თბილისი
260 ## - PUBLICATION, DISTRIBUTION, ETC.
Name of publisher, distributor, etc. საბლიტგამი
260 ## - PUBLICATION, DISTRIBUTION, ETC.
Date of publication, distribution, etc. 1952
300 ## - PHYSICAL DESCRIPTION
Extent 79გვ.ილ.
653 ## - INDEX TERM--UNCONTROLLED
Uncontrolled term მოთხრობა
653 ## - INDEX TERM--UNCONTROLLED
Uncontrolled term ხევისბერი გოჩა
942 ## - ADDED ENTRY ELEMENTS (KOHA)
Koha item type წიგნი
ეგზემპლარები
Withdrawn status Lost status Damaged status Not for loan Date acquired Barcode Date last seen Price effective from Koha item type
        2018-12-17 37913 2018-12-17 2018-12-17 წიგნი
        2018-12-17 37914 2018-12-17 2018-12-17 წიგნი
        2018-12-17 37915 2018-12-17 2018-12-17 წიგნი
        2018-12-17 37916 2018-12-17 2018-12-17 წიგნი
        2018-12-17 37917 2018-12-17 2018-12-17 წიგნი
        2018-12-17 37918 2018-12-17 2018-12-17 წიგნი
        2018-12-17 37919 2018-12-17 2018-12-17 წიგნი
        2018-12-17 37920 2018-12-17 2018-12-17 წიგნი
        2018-12-17 37921 2018-12-17 2018-12-17 წიგნი
        2018-12-17 37922 2018-12-17 2018-12-17 წიგნი
        2018-12-17 37923 2018-12-17 2018-12-17 წიგნი